| 000 | 00000nam 2200000za 4500 |
| 001 | 9.606213 |
| 003 | CaOODSP |
| 005 | 20210624212520 |
| 007 | cr ||||||||||| |
| 008 | 150406t20162000xxc|||||o f|0| 0 fre d |
| 040 | |aCaOODSP|bfre |
| 043 | |an-cn--- |
| 086 | 1 |aEn49-24/1-14F-PDF |
| 110 | 1 |aCanada.|bEnvironnement Canada. |bCentre de Technologie Environnementale. |
| 245 | 10|aMéthode d'essai biologique - méthode de référence pour la détermination de la létalité aiguë d'effluents chez Daphnia magna / |h[ressource électronique]|c[publié par] Section de l'élaboration des méthodes et des applications. |
| 250 | |a2e éd., décembre 2000 avec modifications de février 2016 |
| 260 | |aOttawa, Ont. : |bEnvironnement Canada. |c2016, c2000. |
| 300 | |a36 p. : |bglossaire, références |
| 490 | 1 |aSérie de la Protection de l'environnement. [Méthodes de référence]|vSPE 1/RM/14 |
| 500 | |aLe n° de catalogue (En49-24/1-14F) et l'ISBN (0-660-61649-1) de l'édition imprimée ont été incorrectement copiés dans l'édition électronique. |
| 546 | |a(Abstract in English). |
| 590 | |a14-01-Supp|b2014-01-07 |
| 775 | 08|tBiological test method - reference method for determining acute lethality of effluents to Daphnia magna / |w(CaOODSP)9.577706 |
| 776 | 0#|tMéthode d'essai biologique: méthode de référence pour la détermination de la létalité aiguë d'effluents chez Daphnia magna / |w(CaOODSP)9.516751 |
| 776 | 0#|tBiological test method: reference method for determining acute lethality of effluents to Daphnia magna / |w(CaOODSP)9.516750 |
| 830 | #0|aSérie de la Protection de l'environnement. [Méthodes de référence]|vSPE 1/RM/14|w(CaOODSP)9.501305 |
| 856 | 40|ahttp://publications.gc.ca|qPDF|s372 Ko|uhttps://publications.gc.ca/collections/collection_2013/ec/En49-24-1-14-fra.pdf|ySPE 1/RM/14 |